Statistiques concernant Espagne au Concours Eurovision de la Chanson

Cliquez ici pour prendre le quiz!

Statistiques générales

  • Ce quiz a été pris 45 fois
  • Le résultat moyen est 11 sur 16

Statistiques - réponses

QuestionsRéponses% Correct
Combien de fois a-t-elle gagné l'Eurovision ?2
100%
Depuis quelle année l'Espagne participe-t-elle au concours ?1961
95%
Combien de fois s'est-elle retirée du concours ?0
93%
Combien de fois l'Espagne a-t-elle terminé à la dernière place ?5 (en 1962, 1965, 1983, 1999, 2017)
93%
Pour la dernière fois en quelle année ?1969
90%
De quel groupe de pays l'Espagne fait-elle partie au concours ?Big 5
85%
L'Espagne a été le premier pays à faire participer un groupe au concours. En quelle année ?1964
78%
Qui représentera l'Espagne au concours en 2021 ?Blas Cantó
78%
Et reçu ?Portugal
78%
A quel pays l'Espagne a-t-elle donné le plus de points en finale depuis 1975 ?Italie
70%
Depuis 2010, quel interprète a obtenu la plus haute place ? (2 réponses possibles)Pastora Soler / Ruth Lorenzo
53%
Avec quelle chanson et/ou interprète ?Vivo cantando / Salomé
53%
Quel crooner, star des années 70 et 80, a participé au concours en 1970, pour une de ses premières apparitions ?Julio Iglesias
50%
Qui a été le premier vainqueur espagnol de l'Eurovision ?Massiel
48%
En 1992, Serafín Zubiri est le premier candidat à avoir cette particularité. Quelle est-elle ?Il est aveugle
38%
Quelle émission de télévision espagnole choisit généralement le représentant au concours ?Operación triunfo
8%

Distribution des résultats

Percentile par nombre de réponses

% des personnes avec chaque résultat

Votre développement - résultats

Vous n’avez pas pris ce quiz